Quiz sur Beyoncé (the queen) - Statistiques

Statistiques générales
  • Ce quiz a été pris 694 fois
  • Le résultat moyen est 5 sur 15
Statistiques - réponses
Questions Réponses % Correct
Époux Jay-z
97%
Âge 39
65%
Nom de famille (après le mariage) Carter
51%
Nationalité Américaine
48%
1ere enfant Blue Ivy Carter
47%
Soeur Solange
42%
2eme enfant Rumi Carter
39%
3eme enfant Sir Carter
36%
Date de naissance 4 septembre 1981
29%
Taille 1m70
27%
Nom de naissance Beyoncé Knowles
16%
Papa Mathew Knowles
3%
Maman Tina Beyoncé
2%
Lieu de naissance Houston, Texas, États Unis
1%
Origine Afro-américaine, Amérindienne et Française
0%
Aucun quiz correspondant
Distribution des résultats
% des personnes avec chaque résultat
Percentile par nombre de réponses
Votre historique - résultats
Vous n’avez pas pris ce quiz